[Event "Titled Tuesday intern op 03rd Jan Late"]
[Site "Chess.com INT"]
[Date "2025.06.03"]
[Round "2"]
[White "Calvo Gonzalez, Jose Felix"]
[Black "Fernandes, Rogerio Paulo Mulle"]
[Result "1-0"]
[WhiteElo "2168"]
[BlackElo "2241"]
[PlyCount "75"]
[EventDate "2025.06.03"]
[EventType "swiss (blitz)"]
[EventRounds "11"]
[EventCountry "USA"]
[SourceTitle "CB24_2025"]
[SourceDate "2025.06.11"]
[SourceVersion "1"]
[SourceVersionDate "2025.06.11"]
[SourceQuality "1"]

1. d4 Nf6 2. c4 c5 3. d5 b5 4. cxb5 a6 5. bxa6 Bxa6 6. Nc3 d6 7. e4 Bxf1 8. Kxf1 g6 9. g3 Bg7 10. Kg2 0-0 11. Nf3 Nbd7 12. Re1 Ra6 13. Re2 Qa8 14. Qc2 e6 15. dxe6 fxe6 16. Bf4 d5 17. exd5 exd5 18. Nb5 Qc6 19. Nc7 Ra7 20. Ne6 Re8 21. Nxg7 Kxg7 22. Rxe8 Nxe8 23. Ne5 Nxe5 24. Bxe5+ Kg8 25. Kg1 Re7 26. Bd4 Rc7 27. Rc1 Nd6 28. Bxc5 Ne4 29. b4 d4 30. Qc4+ Rf7 31. Bxd4 Qxc4 32. Rxc4 Rd7 33. Be3 Nf6 34. b5 Kf7 35. b6 Nd5 36. a4 Ke6 37. a5 Kd6 38. a6 1-0

[Event "Titled Tuesday intern op 03rd Jan Late"]
[Site "Chess.com INT"]
[Date "2025.06.03"]
[Round "8"]
[White "Gelman, Alexander"]
[Black "Calvo Gonzalez, Jose Felix"]
[Result "1-0"]
[WhiteElo "2403"]
[BlackElo "2168"]
[PlyCount "55"]
[EventDate "2025.06.03"]
[EventType "swiss (blitz)"]
[EventRounds "11"]
[EventCountry "USA"]
[SourceTitle "CB24_2025"]
[SourceDate "2025.06.11"]
[SourceVersion "1"]
[SourceVersionDate "2025.06.11"]
[SourceQuality "1"]

1. d4 Nf6 2. Nc3 d5 3. Bf4 Nbd7 4. Nb5 e5 5. dxe5 Nh5 6. e3 g5 7. Qxh5 gxf4 8. exf4 Nc5 9. 0-0-0 c6 10. Nd4 Qa5 11. Kb1 Ne4 12. e6 Ba3 13. Qxf7+ Kd8 14. e7+ Bxe7 15. Bd3 Nxf2 16. Ngf3 Nxh1 17. Re1 Re8 18. f5 Bd7 19. Rxh1 Bc5 20. Ne6+ Bxe6 21. fxe6 Qc7 22. Ng5 h6 23. Qf6+ Be7 24. Qxh6 Kc8 25. Qg6 Qd8 26. Nf7 Rg8 27. Nxd8 Rxg6 28. Nxc6 1-0

[Event "Titled Tuesday intern op 01st Apr Early"]
[Site "Chess.com INT"]
[Date "2025.04.01"]
[Round "10"]
[White "Calvo Gonzalez, Jose Felix"]
[Black "Azadaliyev, Jahandar"]
[Result "0-1"]
[WhiteElo "2198"]
[BlackElo "2290"]
[PlyCount "58"]
[EventDate "2025.04.01"]
[EventType "swiss (blitz)"]
[EventRounds "11"]
[EventCountry "USA"]
[SourceTitle "CB15_2025"]
[SourceDate "2025.04.09"]
[SourceVersion "1"]
[SourceVersionDate "2025.04.09"]
[SourceQuality "1"]

1. e4 c6 2. d4 d5 3. exd5 cxd5 4. c4 Nf6 5. Nc3 Nc6 6. Nf3 Bg4 7. cxd5 Nxd5 8. Qb3 Bxf3 9. gxf3 e6 10. Qxb7 Nxd4 11. Bb5+ Nxb5 12. Qc6+ Ke7 13. Qxb5 Qd7 14. Nxd5+ exd5 15. Qb4+ Ke8 16. Qd4 f6 17. 0-0 Kf7 18. Be3 Qf5 19. Rfd1 Rd8 20. Qxa7+ Rd7 21. Qa4 h5 22. Qf4 Qh3 23. Qg3 Qf5 24. Qf4 Qe6 25. Rac1 g5 26. Qd4 Bd6 27. Qxd5 Bxh2+ 28. Kxh2 Rxd5 29. Rc7+ Kg6 0-1

[Event "Titled Tuesday intern op 01st Apr Early"]
[Site "Chess.com INT"]
[Date "2025.04.01"]
[Round "5"]
[White "Calvo Gonzalez, Jose Felix"]
[Black "Yushko, Olga"]
[Result "0-1"]
[WhiteElo "2198"]
[BlackElo "2060"]
[PlyCount "76"]
[EventDate "2025.04.01"]
[EventType "swiss (blitz)"]
[EventRounds "11"]
[EventCountry "USA"]
[SourceTitle "CB15_2025"]
[SourceDate "2025.04.09"]
[SourceVersion "1"]
[SourceVersionDate "2025.04.09"]
[SourceQuality "1"]

1. e4 Nf6 2. e5 Nd5 3. c4 Nb6 4. d4 d6 5. exd6 exd6 6. Nc3 Be7 7. Be3 0-0 8. Bd3 Re8 9. Nf3 Bg4 10. h3 Bh5 11. 0-0 Nc6 12. Re1 Bf6 13. g4 Bg6 14. Bxg6 hxg6 15. Qd3 d5 16. c5 Nc4 17. g5 Nxe3 18. Rxe3 Be7 19. Rae1 Qd7 20. Kg2 Nb4 21. Qd2 c6 22. a3 Na6 23. Qd3 Nc7 24. Ne5 Qd8 25. f4 Ne6 26. Rf3 Rc8 27. Nxg6 Nxc5 28. Nxe7+ Rxe7 29. Qd2 Ne4 30. Nxe4 dxe4 31. Rfe3 Qd5 32. Qc2 Rce8 33. Qc5 Qa2 34. R1e2 a6 35. Kg3 Qe6 36. f5 Qd7 37. h4 Qc7+ 38. Kh3 Qf4 0-1

[Event "Titled Tuesday intern op 01st Apr Early"]
[Site "Chess.com INT"]
[Date "2025.04.01"]
[Round "2"]
[White "Mohamed, Anees M"]
[Black "Calvo Gonzalez, Jose Felix"]
[Result "1-0"]
[WhiteElo "2354"]
[BlackElo "2198"]
[PlyCount "59"]
[EventDate "2025.04.01"]
[EventType "swiss (blitz)"]
[EventRounds "11"]
[EventCountry "USA"]
[SourceTitle "CB15_2025"]
[SourceDate "2025.04.09"]
[SourceVersion "1"]
[SourceVersionDate "2025.04.09"]
[SourceQuality "1"]

1. b3 Nf6 2. Bb2 d5 3. Nf3 c5 4. e3 Nc6 5. Bb5 Bg4 6. h3 Bh5 7. d3 e6 8. Bxc6+ bxc6 9. 0-0 Bd6 10. Nbd2 0-0 11. Qe1 Qc7 12. e4 Bf4 13. e5 Nd7 14. g3 Bxf3 15. Nxf3 Bh6 16. Kg2 g6 17. h4 Bg7 18. Qe2 Rae8 19. Rae1 d4 20. Bc1 f6 21. exf6 Nxf6 22. Nd2 e5 23. Ne4 Nd5 24. h5 Qc8 25. Rh1 Qe6 26. Nxc5 Qf5 27. Ne4 c5 28. hxg6 hxg6 29. Rh4 Nf6 30. Nd6 1-0

[Event "Titled Tuesday intern op 25th Mar Early"]
[Site "Chess.com INT"]
[Date "2025.03.25"]
[Round "1"]
[White "Calvo Gonzalez, Jose Felix"]
[Black "Beerdsen, Thomas"]
[Result "0-1"]
[WhiteElo "2198"]
[BlackElo "2510"]
[PlyCount "46"]
[EventDate "2025.03.25"]
[EventType "swiss (blitz)"]
[EventRounds "11"]
[EventCountry "USA"]
[SourceTitle "CB14_2025"]
[SourceDate "2024.11.01"]
[SourceVersion "1"]
[SourceVersionDate "2024.11.01"]
[SourceQuality "1"]

1. e4 e5 2. Nf3 Nc6 3. Bc4 Nf6 4. Ng5 d5 5. exd5 Na5 6. Bb5+ Bd7 7. Bxd7+ Qxd7 8. d3 Nxd5 9. 0-0 Nc6 10. Nc3 f6 11. Nge4 0-0-0 12. Nxd5 Qxd5 13. Qg4+ Kb8 14. Be3 h5 15. Qf3 Be7 16. Ng3 Qxf3 17. gxf3 h4 18. Nf5 Bf8 19. Bd2 g6 20. Ne3 Nd4 21. Kg2 h3+ 22. Kg3 Bd6 23. Rfe1 Rdg8 0-1

[Event "Titled Tuesday intern op 25th Mar Early"]
[Site "Chess.com INT"]
[Date "2025.03.25"]
[Round "3"]
[White "Calvo Gonzalez, Jose Felix"]
[Black "Zmijanac, Dusko"]
[Result "1-0"]
[WhiteElo "2198"]
[BlackElo "1984"]
[PlyCount "91"]
[EventDate "2025.03.25"]
[EventType "swiss (blitz)"]
[EventRounds "11"]
[EventCountry "USA"]
[SourceTitle "CB14_2025"]
[SourceDate "2024.11.01"]
[SourceVersion "1"]
[SourceVersionDate "2024.11.01"]
[SourceQuality "1"]

1. e4 Nf6 2. e5 Nd5 3. c4 Nb6 4. d4 d6 5. exd6 cxd6 6. Nc3 g6 7. Be3 Bg7 8. Rc1 0-0 9. b3 N8d7 10. Bd3 Nf6 11. Nf3 Bg4 12. h3 Bxf3 13. Qxf3 d5 14. c5 Nc8 15. 0-0 e6 16. b4 a6 17. a4 Ne7 18. Bg5 Nf5 19. Bxf5 gxf5 20. Qf4 Qd7 21. Rfe1 Ne4 22. Bh6 Kh8 23. Bxg7+ Kxg7 24. Re3 Kh8 25. Rd1 Rg8 26. Nxe4 dxe4 27. Qe5+ Rg7 28. Rg3 Rag8 29. d5 Qe7 30. d6 Qd8 31. b5 axb5 32. axb5 Qd7 33. c6 bxc6 34. bxc6 Qxc6 35. d7 Qa8 36. d8Q f6 37. Qexf6 Qa7 38. Qxg7+ Qxg7 39. Rxg7 Kxg7 40. Qe7+ Kg6 41. Rd7 f4 42. Qxe6+ Kg5 43. Qe5+ Kg6 44. Qe6+ Kg5 45. Rd5+ Kh4 46. Qh6# 1-0

[Event "Titled Tuesday intern op 25th Mar Early"]
[Site "Chess.com INT"]
[Date "2025.03.25"]
[Round "2"]
[White "Murzin, Volodar"]
[Black "Calvo Gonzalez, Jose Felix"]
[Result "1-0"]
[WhiteElo "2658"]
[BlackElo "2198"]
[PlyCount "79"]
[EventDate "2025.03.25"]
[EventType "swiss (blitz)"]
[EventRounds "11"]
[EventCountry "USA"]
[SourceTitle "CB14_2025"]
[SourceDate "2024.11.01"]
[SourceVersion "1"]
[SourceVersionDate "2024.11.01"]
[SourceQuality "1"]

1. e4 c5 2. Nf3 d6 3. d4 cxd4 4. Nxd4 Nf6 5. Nc3 a6 6. Be3 e5 7. Nb3 Be7 8. f3 0-0 9. Qd2 Be6 10. g4 Nbd7 11. g5 Nh5 12. Rg1 b5 13. 0-0-0 Nb6 14. Na5 Rc8 15. Nd5 Nxd5 16. exd5 Bxd5 17. Qxd5 Qxa5 18. Kb1 g6 19. c4 Qc7 20. cxb5 axb5 21. Rc1 Qd7 22. Bxb5 Qf5+ 23. Bd3 Rxc1+ 24. Rxc1 Nf4 25. Bxf4 Qxf4 26. Rc4 Qxh2 27. a4 Rb8 28. Rc2 Qg1+ 29. Ka2 Rb4 30. Bb5 Qxg5 31. Be8 Qf4 32. Rc7 Rd4 33. Qb3 Rb4 34. Qd5 Rd4 35. Qa8 Qf6 36. Rc8 Kg7 37. Ka3 Qf4 38. Ka2 Qf6 39. Bd7 Rd3 40. Rc4 1-0

[Event "Titled Tuesday intern op 18th Mar Late"]
[Site "Chess.com INT"]
[Date "2025.03.18"]
[Round "3"]
[White "Calvo Gonzalez, Jose Felix"]
[Black "Paduano, Claudio"]
[Result "0-1"]
[WhiteElo "2198"]
[BlackElo "2256"]
[PlyCount "54"]
[EventDate "2025.03.18"]
[EventType "swiss (blitz)"]
[EventRounds "11"]
[EventCountry "USA"]
[SourceTitle "CB13_2025"]
[SourceDate "2025.03.26"]
[SourceVersion "1"]
[SourceVersionDate "2025.03.26"]
[SourceQuality "1"]

1. e4 c5 2. Nf3 Nc6 3. d4 cxd4 4. Nxd4 e6 5. Nc3 Qc7 6. f4 a6 7. Be3 b5 8. Bd3 Bb7 9. Qf3 Nf6 10. 0-0-0 Be7 11. Nb3 Nb4 12. Kb1 d5 13. exd5 Nfxd5 14. Nxd5 Nxd5 15. Qg3 Nxe3 16. Qxe3 0-0 17. Be4 a5 18. Rd2 a4 19. Nd4 Bc5 20. Bxb7 Qxb7 21. Qe5 Rac8 22. Rhd1 a3 23. b3 b4 24. g3 Be7 25. Nxe6 Bf6 26. Qf5 fxe6 27. Qxe6+ Qf7 0-1

[Event "Titled Tuesday intern op 18th Mar Late"]
[Site "Chess.com INT"]
[Date "2025.03.18"]
[Round "4"]
[White "Mirza, Diana"]
[Black "Calvo Gonzalez, Jose Felix"]
[Result "0-1"]
[WhiteElo "1965"]
[BlackElo "2198"]
[PlyCount "80"]
[EventDate "2025.03.18"]
[EventType "swiss (blitz)"]
[EventRounds "11"]
[EventCountry "USA"]
[SourceTitle "CB13_2025"]
[SourceDate "2025.03.26"]
[SourceVersion "1"]
[SourceVersionDate "2025.03.26"]
[SourceQuality "1"]

1. e4 c5 2. Nf3 d6 3. d4 cxd4 4. Nxd4 Nf6 5. Nc3 a6 6. Be3 e5 7. Nb3 Be7 8. Be2 0-0 9. 0-0 Be6 10. Qd2 Nbd7 11. Nd5 Nxe4 12. Nxe7+ Qxe7 13. Qd3 f5 14. Rad1 b5 15. f3 Bc4 16. Qxc4+ bxc4 17. Bxc4+ Kh8 18. fxe4 f4 19. Bf2 Nf6 20. Na5 Nxe4 21. Bd5 Nxf2 22. Rxf2 Rac8 23. Rfd2 Rc5 24. b4 Rc3 25. Nc6 Qg5 26. Be4 f3 27. Rf2 Rf4 28. Rxd6 Rxe4 29. Rd8+ Qxd8 30. Nxd8 Re1+ 31. Rf1 Rxc2 32. gxf3 Rxf1+ 33. Kxf1 Rxa2 34. Nf7+ Kg8 35. Nxe5 Rxh2 36. Nc6 Rb2 37. Ne7+ Kf7 38. Nd5 g5 39. Ke1 h5 40. Kd1 h4 0-1

[Event "Titled Tuesday intern op 18th Mar Late"]
[Site "Chess.com INT"]
[Date "2025.03.18"]
[Round "1"]
[White "Velikanov, Alexander"]
[Black "Calvo Gonzalez, Jose Felix"]
[Result "1-0"]
[WhiteElo "2377"]
[BlackElo "2198"]
[PlyCount "65"]
[EventDate "2025.03.18"]
[EventType "swiss (blitz)"]
[EventRounds "11"]
[EventCountry "USA"]
[SourceTitle "CB13_2025"]
[SourceDate "2025.03.26"]
[SourceVersion "1"]
[SourceVersionDate "2025.03.26"]
[SourceQuality "1"]

1. e4 c5 2. Nf3 d6 3. d4 cxd4 4. Nxd4 Nf6 5. Nc3 a6 6. Nb3 g6 7. Bg5 Bg7 8. f3 0-0 9. Qd2 b5 10. Bh6 Bb7 11. a3 Nbd7 12. h4 Rc8 13. h5 Ne5 14. hxg6 fxg6 15. Bxg7 Kxg7 16. 0-0-0 Kg8 17. Nd4 Qd7 18. g3 Nc4 19. Qh6 e5 20. Bh3 Qg7 21. Qxg7+ Kxg7 22. Ne6+ Kh8 23. Nxf8 Rxf8 24. Be6 Nh5 25. g4 Ng3 26. Rh3 Rxf3 27. Bxc4 bxc4 28. Rxd6 Bxe4 29. Rd8+ Kg7 30. Rd7+ Kf8 31. Nxe4 Rf1+ 32. Rd1 Nxe4 33. Rxf1+ 1-0

[Event "Titled Tuesday intern op 11th Mar Early"]
[Site "Chess.com INT"]
[Date "2025.03.11"]
[Round "8"]
[White "Calvo Gonzalez, Jose Felix"]
[Black "Toro Castaneda, Elizabeth"]
[Result "1-0"]
[WhiteElo "2198"]
[BlackElo "1966"]
[PlyCount "121"]
[EventDate "2025.03.11"]
[EventType "swiss (blitz)"]
[EventRounds "11"]
[EventCountry "USA"]
[SourceTitle "CB12_2025"]
[SourceDate "2025.03.19"]
[SourceVersion "1"]
[SourceVersionDate "2025.03.19"]
[SourceQuality "1"]

1. e4 e5 2. Nf3 Nc6 3. Bc4 Nf6 4. Ng5 d5 5. exd5 Na5 6. Bb5+ c6 7. dxc6 bxc6 8. Bd3 h6 9. Ne4 Nd5 10. Nbc3 Nf4 11. Bf1 f5 12. d3 fxe4 13. Bxf4 exf4 14. Qh5+ Kd7 15. dxe4 Qg5 16. Qf7+ Be7 17. 0-0-0+ Kc7 18. h4 Qf6 19. Qh5 Nb7 20. Bb5 Bd7 21. Rxd7+ Kxd7 22. Rd1+ Kc7 23. Bxc6 Qxc6 24. Nd5+ Kb8 25. Nxe7 Qc7 26. Nd5 Qc6 27. Qe5+ Qd6 28. Qxg7 Rd8 29. e5 Qd7 30. Qxd7 Rxd7 31. e6 Rxd5 32. Rxd5 Kc7 33. e7 Re8 34. Re5 Nd6 35. Kd2 Nc8 36. Kd3 Nxe7 37. Ke4 Kd6 38. c4 Rf8 39. b4 Nc6 40. Rd5+ Kc7 41. b5 Na5 42. Rf5 Re8+ 43. Kxf4 Kb6 44. g4 Nxc4 45. g5 hxg5+ 46. hxg5 Nd6 47. Rf6 Kc5 48. g6 Nxb5 49. Kg5 Nd6 50. g7 Ne4+ 51. Kg6 Nxf6 52. Kxf6 Kd6 53. Kf7 Rd8 54. f4 Kd5 55. f5 Ke5 56. f6 Kf5 57. Ke7 Rb8 58. f7 Rb7+ 59. Ke8 Rb8+ 60. Kd7 Rb7+ 61. Kd6 1-0

[Event "Titled Tuesday intern op 11th Mar Early"]
[Site "Chess.com INT"]
[Date "2025.03.11"]
[Round "10"]
[White "Hernandez Jimenez, Alexander Andres"]
[Black "Calvo Gonzalez, Jose Felix"]
[Result "0-1"]
[WhiteElo "2043"]
[BlackElo "2198"]
[PlyCount "56"]
[EventDate "2025.03.11"]
[EventType "swiss (blitz)"]
[EventRounds "11"]
[EventCountry "USA"]
[SourceTitle "CB12_2025"]
[SourceDate "2025.03.19"]
[SourceVersion "1"]
[SourceVersionDate "2025.03.19"]
[SourceQuality "1"]

1. e4 e5 2. Nf3 Nc6 3. Bc4 Bc5 4. d3 Nf6 5. c3 a6 6. a4 d6 7. Na3 0-0 8. Nc2 d5 9. exd5 Nxd5 10. 0-0 Bg4 11. h3 Bh5 12. Re1 Qd6 13. Ne3 Nf4 14. Nf5 Qg6 15. Bxf4 exf4 16. d4 Qxf5 17. dxc5 Qxc5 18. Be2 Rad8 19. Qb3 b6 20. Nd4 Bxe2 21. Nxe2 f3 22. gxf3 Ne5 23. Nd4 Nd3 24. Re3 Qg5+ 25. Kf1 Nf4 26. Rd1 Qg2+ 27. Ke1 Qg1+ 28. Kd2 Qxf2+ 0-1

[Event "Titled Tuesday intern op 11th Mar Early"]
[Site "Chess.com INT"]
[Date "2025.03.11"]
[Round "7"]
[White "Punin, Andrii"]
[Black "Calvo Gonzalez, Jose Felix"]
[Result "1-0"]
[WhiteElo "2289"]
[BlackElo "2198"]
[PlyCount "79"]
[EventDate "2025.03.11"]
[EventType "swiss (blitz)"]
[EventRounds "11"]
[EventCountry "USA"]
[SourceTitle "CB12_2025"]
[SourceDate "2025.03.19"]
[SourceVersion "1"]
[SourceVersionDate "2025.03.19"]
[SourceQuality "1"]

1. e4 c5 2. Nf3 d6 3. Bb5+ Nd7 4. a4 Ngf6 5. Nc3 g6 6. 0-0 Bg7 7. a5 0-0 8. Re1 a6 9. Bf1 e6 10. d4 cxd4 11. Qxd4 Ne8 12. Qb4 Qc7 13. Bf4 Nb8 14. Red1 Nc6 15. Qa3 e5 16. Nd5 Qd8 17. Be3 Be6 18. Nb6 Rb8 19. Bc5 Bg4 20. h3 Bxf3 21. Qxf3 Nd4 22. Bxd4 exd4 23. Bc4 Nf6 24. Rxd4 Nd7 25. Rxd6 Ne5 26. Qd1 Qg5 27. c3 Rbd8 28. Rxd8 Rxd8 29. Bd5 Bf8 30. b4 Bd6 31. g3 h5 32. h4 Qf6 33. Kg2 Ng4 34. Qf3 Qg7 35. Rc1 Be5 36. Nc4 Rf8 37. Bxb7 Kh8 38. Nxe5 Qxe5 39. Rd1 f5 40. Rd5 1-0

[Event "Titled Tuesday intern op 04th Mar Early"]
[Site "Chess.com INT"]
[Date "2025.03.04"]
[Round "5"]
[White "Baziuk, Vladyslav"]
[Black "Calvo Gonzalez, Jose Felix"]
[Result "1-0"]
[WhiteElo "2247"]
[BlackElo "2198"]
[PlyCount "65"]
[EventDate "2025.03.04"]
[EventType "swiss (blitz)"]
[EventRounds "11"]
[EventCountry "USA"]
[SourceTitle "CB11_2025"]
[SourceDate "2025.03.12"]
[SourceVersion "1"]
[SourceVersionDate "2025.03.12"]
[SourceQuality "1"]

1. e4 c5 2. Nf3 d6 3. d4 cxd4 4. Nxd4 Nf6 5. Nc3 a6 6. f3 e5 7. Nb3 Be7 8. Be3 0-0 9. Qd2 Be6 10. 0-0-0 Nbd7 11. g4 Qc7 12. g5 Nh5 13. Kb1 b5 14. Rg1 Nb6 15. Nd5 Bxd5 16. exd5 Rfc8 17. Na5 Nxd5 18. Qxd5 Qxa5 19. c4 Qc7 20. Rc1 Nf4 21. Bxf4 exf4 22. Bd3 g6 23. cxb5 Qb6 24. bxa6 Rcb8 25. Rg2 Bxg5 26. Qxg5 Qd4 27. Rd1 Rxa6 28. Rdd2 Rab6 29. a3 Rxb2+ 30. Rxb2 Qxd3+ 31. Rgc2 Qf1+ 32. Rc1 Qd3+ 33. Ka2 1-0

[Event "Titled Tuesday intern op 04th Mar Early"]
[Site "Chess.com INT"]
[Date "2025.03.04"]
[Round "11"]
[White "Buscar, Michael"]
[Black "Calvo Gonzalez, Jose Felix"]
[Result "0-1"]
[WhiteElo "2016"]
[BlackElo "2198"]
[PlyCount "106"]
[EventDate "2025.03.04"]
[EventType "swiss (blitz)"]
[EventRounds "11"]
[EventCountry "USA"]
[SourceTitle "CB11_2025"]
[SourceDate "2025.03.12"]
[SourceVersion "1"]
[SourceVersionDate "2025.03.12"]
[SourceQuality "1"]

1. d4 Nf6 2. c4 g6 3. Nc3 d5 4. Nf3 Bg7 5. Qb3 dxc4 6. Qxc4 0-0 7. Bf4 Na6 8. e3 Be6 9. Qa4 Nd5 10. Nxd5 Bxd5 11. Bxa6 bxa6 12. Qxa6 c5 13. dxc5 Bxb2 14. Rd1 Bc3+ 15. Ke2 Qa5 16. Qxa5 Bc4+ 17. Rd3 Bxa5 18. Rc1 Ba6 19. c6 f6 20. e4 Rfd8 21. Rcd1 e5 22. Bxe5 fxe5 23. Nxe5 Bc7 24. Nd7 Kf7 25. Kf3 Bxd3 26. Rxd3 Re8 27. g3 Re6 28. Rc3 Rc8 29. Ke3 Bb6+ 30. Nxb6 axb6 31. Rd3 Rcxc6 32. Rd7+ Re7 33. Rd8 Ra7 34. f3 Rxa2 35. Rd7+ Kf6 36. Rxh7 Ra5 37. h4 b5 38. g4 Raa6 39. Kf4 b4 40. g5+ Ke6 41. Rg7 b3 42. Rxg6+ Kf7 43. h5 Rxg6 44. hxg6+ Kxg6 45. Kg4 b2 46. f4 b1Q 47. f5+ Kg7 48. Kf4 Qf1+ 49. Ke5 Ra5+ 50. Ke6 Qa6+ 51. Kd7 Rb5 52. Kc7 Rb7+ 53. Kd8 Qa8# 0-1

[Event "Titled Tuesday intern op 04th Mar Early"]
[Site "Chess.com INT"]
[Date "2025.03.04"]
[Round "8"]
[White "Calvo Gonzalez, Jose Felix"]
[Black "Ishvi, Aggarwal"]
[Result "0-1"]
[WhiteElo "2198"]
[BlackElo "1954"]
[PlyCount "104"]
[EventDate "2025.03.04"]
[EventType "swiss (blitz)"]
[EventRounds "11"]
[EventCountry "USA"]
[SourceTitle "CB11_2025"]
[SourceDate "2025.03.12"]
[SourceVersion "1"]
[SourceVersionDate "2025.03.12"]
[SourceQuality "1"]

1. d4 Nf6 2. c4 e6 3. Nc3 Bb4 4. e3 0-0 5. Bd3 d5 6. Nf3 dxc4 7. Bxc4 a6 8. 0-0 b5 9. Bd3 Bb7 10. Qc2 Nbd7 11. Ne4 Nxe4 12. Bxe4 Bxe4 13. Qxe4 Nf6 14. Qc2 Rc8 15. a3 Bd6 16. b4 Nd5 17. e4 Nb6 18. Rd1 c6 19. Bg5 f6 20. Bh4 Qe8 21. e5 Be7 22. exf6 gxf6 23. Rd3 Nd5 24. Re1 Qf7 25. Nd2 Bd6 26. Ne4 Bb8 27. Rh3 Nf4 28. Rg3+ Ng6 29. Nxf6+ Kh8 30. Rh3 Qg7 31. Nxh7 Nf4 32. Bf6 Rxf6 33. Nxf6+ Nxh3+ 34. Kh1 Qxf6 35. gxh3 Qf3+ 36. Kg1 Rg8+ 37. Kf1 Qxh3+ 38. Ke2 Qxh2 39. Qe4 Qh5+ 40. Kd2 Qg5+ 41. Kc2 Qf5 42. Qxf5 exf5 43. Re7 Rg7 44. Re8+ Rg8 45. Re6 Bf4 46. Rxc6 Rg2 47. Rxa6 Rxf2+ 48. Kd3 Rf3+ 49. Ke2 Re3+ 50. Kf2 Rb3 51. Rf6 Be3+ 52. Kf3 Bxd4+ 0-1

[Event "Titled Tuesday intern op 04th Mar Early"]
[Site "Chess.com INT"]
[Date "2025.03.04"]
[Round "6"]
[White "Sabure, Bojosi"]
[Black "Calvo Gonzalez, Jose Felix"]
[Result "1-0"]
[WhiteElo "1981"]
[BlackElo "2198"]
[PlyCount "37"]
[EventDate "2025.03.04"]
[EventType "swiss (blitz)"]
[EventRounds "11"]
[EventCountry "USA"]
[SourceTitle "CB11_2025"]
[SourceDate "2025.03.12"]
[SourceVersion "1"]
[SourceVersionDate "2025.03.12"]
[SourceQuality "1"]

1. d4 Nf6 2. Nc3 d5 3. e4 dxe4 4. Bg5 Nbd7 5. Qe2 c6 6. 0-0-0 Qa5 7. Bd2 e6 8. Kb1 Bb4 9. Nxe4 Bxd2 10. Nxd2 0-0 11. g4 Nd5 12. h4 b5 13. h5 Rb8 14. h6 g6 15. Ngf3 b4 16. Ne5 Nc3+ 17. bxc3 bxc3+ 18. Nb3 Nxe5 19. Qxe5 1-0

[Event "Titled Tuesday intern op 25th Feb Early"]
[Site "Chess.com INT"]
[Date "2025.02.25"]
[Round "7"]
[White "Abbasova, Aiguioun"]
[Black "Calvo Gonzalez, Jose Felix"]
[Result "0-1"]
[WhiteElo "2170"]
[BlackElo "2198"]
[PlyCount "74"]
[EventDate "2025.02.25"]
[EventType "swiss (blitz)"]
[EventRounds "11"]
[EventCountry "USA"]
[SourceTitle "CB10_2025"]
[SourceDate "2025.03.05"]
[SourceVersion "1"]
[SourceVersionDate "2025.03.05"]
[SourceQuality "1"]

1. Nf3 Nf6 2. g3 g6 3. Bg2 Bg7 4. 0-0 0-0 5. d4 d5 6. a4 Bf5 7. Nc3 c6 8. a5 Nbd7 9. a6 b6 10. Re1 Ne4 11. Nh4 Nxc3 12. bxc3 Be6 13. c4 Rc8 14. cxd5 Bxd5 15. e4 Bc4 16. c3 c5 17. e5 e6 18. Nf3 Bd5 19. Nd2 Bxg2 20. Kxg2 cxd4 21. cxd4 Nb8 22. Ne4 Qd5 23. Ra4 Nc6 24. Qf3 b5 25. Ra1 Nxd4 26. Qd3 Rfd8 27. Bb2 Qc4 28. Qxc4 bxc4 29. Nd6 c3 30. Ba3 Rc6 31. Rac1 c2 32. Re4 Nb3 33. Bb2 Nxc1 34. Bxc1 Bxe5 35. Rxe5 Rdxd6 36. Be3 c1Q 37. Bxc1 Rxc1 0-1

[Event "Titled Tuesday intern op 25th Feb Early"]
[Site "Chess.com INT"]
[Date "2025.02.25"]
[Round "4"]
[White "Barria Zuniga, Daniel"]
[Black "Calvo Gonzalez, Jose Felix"]
[Result "1-0"]
[WhiteElo "2341"]
[BlackElo "2198"]
[PlyCount "69"]
[EventDate "2025.02.25"]
[EventType "swiss (blitz)"]
[EventRounds "11"]
[EventCountry "USA"]
[SourceTitle "CB10_2025"]
[SourceDate "2025.03.05"]
[SourceVersion "1"]
[SourceVersionDate "2025.03.05"]
[SourceQuality "1"]

1. d4 Nf6 2. c4 g6 3. Nc3 d5 4. Nf3 Bg7 5. Qb3 dxc4 6. Qxc4 0-0 7. e4 Na6 8. e5 Nd7 9. e6 Nb6 10. exf7+ Kh8 11. Qb3 c5 12. Bxa6 cxd4 13. Ne4 bxa6 14. 0-0 Bb7 15. Re1 Bd5 16. Qa3 Rxf7 17. Bg5 Rc8 18. Rad1 h6 19. Bh4 g5 20. Bg3 Nc4 21. Qb4 Qb6 22. Qxb6 axb6 23. b3 Na3 24. Ne5 Bxe5 25. Bxe5+ Kh7 26. Bxd4 Nb5 27. Ba1 Bxe4 28. Rxe4 Rc6 29. h4 Kg6 30. hxg5 hxg5 31. g3 Rd6 32. Rxd6+ Nxd6 33. Re6+ Kf5 34. Re5+ Kg6 35. Kg2 1-0

[Event "Titled Tuesday intern op 25th Feb Early"]
[Site "Chess.com INT"]
[Date "2025.02.25"]
[Round "2"]
[White "Calvo Gonzalez, Jose Felix"]
[Black "Shuvalov, Evgenij"]
[Result "1/2-1/2"]
[WhiteElo "2198"]
[BlackElo "1986"]
[PlyCount "84"]
[EventDate "2025.02.25"]
[EventType "swiss (blitz)"]
[EventRounds "11"]
[EventCountry "USA"]
[SourceTitle "CB10_2025"]
[SourceDate "2025.03.05"]
[SourceVersion "1"]
[SourceVersionDate "2025.03.05"]
[SourceQuality "1"]

1. e4 e6 2. d4 d5 3. Nd2 c5 4. exd5 exd5 5. Ngf3 Nc6 6. Bb5 Qe7+ 7. Qe2 Qxe2+ 8. Kxe2 a6 9. Bxc6+ bxc6 10. Re1 f6 11. Kf1+ Kf7 12. c3 a5 13. dxc5 Bxc5 14. Nb3 Bd6 15. Be3 a4 16. Bc5 axb3 17. Bxd6 Rxa2 18. Rxa2 bxa2 19. Ra1 Ba6+ 20. Kg1 Be2 21. Nd4 Bb5 22. Rxa2 Nh6 23. Ra7+ Kg6 24. f3 Rd8 25. Bc5 Re8 26. Kf2 Nf5 27. Nxb5 cxb5 28. Rb7 Rc8 29. Rxb5 h5 30. Be3 Rd8 31. Rb4 Kf7 32. Bc5 Ke6 33. Ke2 Ra8 34. Kd3 Ra1 35. Rb6+ Kf7 36. Ke2 Rh1 37. h3 h4 38. Bf2 Rc1 39. Rb5 Ke6 40. Rb6+ Kf7 41. Rb5 Ke6 42. Rb6+ Kf7 1/2-1/2